Who is Allah سُبْحَانَهُ وَتَعَالَىٰ‎ (Record no. 203708)

MARC details
000 -LEADER
fixed length control field 00812nam a2200241 i 4500
005 - DATE AND TIME OF LATEST TRANSACTION
control field 20260406160539.0
008 - FIXED-LENGTH DATA ELEMENTS--GENERAL INFORMATION
fixed length control field 260406s2025 my a fr 000 0 eng d
020 ## - INTERNATIONAL STANDARD BOOK NUMBER
International Standard Book Number 9789672972822
Terms of availability RM14.90
Qualifying information hardback
040 ## - CATALOGING SOURCE
Original cataloging agency PPAK
Language of cataloging eng
Transcribing agency PPAK
Description conventions rda
082 04 - DEWEY DECIMAL CLASSIFICATION NUMBER
Edition number 23
Classification number 297.2112
090 00 - LOCALLY ASSIGNED LC-TYPE CALL NUMBER (OCLC); LOCAL CALL NUMBER (RLIN)
Classification number (OCLC) (R) ; Classification number, CALL (RLIN) (NR) 297.2112
Feature heading WHO
Feature heading RK
245 00 - TITLE STATEMENT
Title Who is Allah سُبْحَانَهُ وَتَعَالَىٰ‎
264 #1 - PRODUCTION, PUBLICATION, DISTRIBUTION, MANUFACTURE, AND COPYRIGHT NOTICE
Place of production, publication, distribution, manufacture Hulu Selangor, Selangor :
Name of producer, publisher, distributor, manufacturer DARUL MUGHNI TRADING,
Date of production, publication, distribution, manufacture, or copyright notice [2025?]
300 ## - PHYSICAL DESCRIPTION
Extent 11 pages :
Other physical details colour illustrations ;
Dimensions 22 cm
336 ## - CONTENT TYPE
Content type term text
Source rdacontent
337 ## - MEDIA TYPE
Media type term unmediated
Source rdamedia
338 ## - CARRIER TYPE
Carrier type term volume
Source rdacarrier
521 1# - TARGET AUDIENCE NOTE
Target audience note For children aged 4+.
650 10 - SUBJECT ADDED ENTRY--TOPICAL TERM
Topical term or geographic name entry element God (Islam)
General subdivision Attributes
Topical term or geographic name entry element Islamic religious education
Topical term or geographic name entry element Faith (Islam)
942 ## - ADDED ENTRY ELEMENTS (KOHA)
Source of classification or shelving scheme Dewey Decimal Classification
Koha item type Book
Holdings
Withdrawn Not for loan Current library Shelving location Date acquired Total Checkouts Full call number Barcode Date last seen Koha item type
  Not For Loan Perpustakaan Alor Setar Rujukan Kanak-kanak 15/04/2026   RK 297.2112 WHO A01906490 15/04/2026 Book
  Not For Loan Perpustakaan Awam Sungai Petani Rujukan Kanak-kanak 15/04/2026   RK 297.2112 WHO A01906491 15/04/2026 Book
  Not For Loan Perpustakaan Baling Rujukan Kanak-kanak 15/04/2026   RK 297.2112 WHO A01906495 15/04/2026 Book
  Not For Loan Perpustakaan Bandar Baharu Rujukan Kanak-kanak 15/04/2026   RK 297.2112 WHO A01906496 15/04/2026 Book
  Not For Loan Perpustakaan Jitra Rujukan Kanak-kanak 15/04/2026   RK 297.2112 WHO A01906492 15/04/2026 Book
  Not For Loan Perpustakaan Kuala Nerang Rujukan Kanak-kanak 15/04/2026   RK 297.2112 WHO A01906500 15/04/2026 Book
  Not For Loan Perpustakaan Kulim Rujukan Kanak-kanak 15/04/2026   RK 297.2112 WHO A01906494 15/04/2026 Book
  Not For Loan Perpustakaan Langkawi Rujukan Kanak-kanak 15/04/2026   RK 297.2112 WHO A01906493 15/04/2026 Book
  Not For Loan Perpustakaan Merbok Rujukan Kanak-kanak 15/04/2026   RK 297.2112 WHO A01906497 15/04/2026 Book
  Not For Loan Perpustakaan Pendang Rujukan Kanak-kanak 15/04/2026   RK 297.2112 WHO A01906501 15/04/2026 Book
  Not For Loan Perpustakaan Sik Rujukan Kanak-kanak 15/04/2026   RK 297.2112 WHO A01906499 15/04/2026 Book
  Not For Loan Perpustakaan Yan Rujukan Kanak-kanak 15/04/2026   RK 297.2112 WHO A01906498 15/04/2026 Book
  Not For Loan PD07, Kg. Jelutong, Sik Rujukan Kanak-kanak 15/04/2026   RK 297.2112 WHO A01906502 15/04/2026 Book
  Not For Loan PD12, Kg. Padang, Baling Rujukan Kanak-kanak 15/04/2026   RK 297.2112 WHO A01906503 15/04/2026 Book
  Not For Loan PD29, Kg. Gajah Putih, Sik Rujukan Kanak-kanak 15/04/2026   RK 297.2112 WHO A01906504 15/04/2026 Book
  Not For Loan PD35, Kg. Sungai Daun, Yan Rujukan Kanak-kanak 15/04/2026   RK 297.2112 WHO A01906505 15/04/2026 Book